000 01051cam a2200253 4500
001 J117421
008 020409n2001 000 0 eng u
035 _a(Sirsi) u117421
041 _aeng.
050 _a338.1
110 _aSustainable Development Commission
_94213
245 _aSustainability appraisal of policies for farming and food: a report to the policy commission on the future of farming and food
260 _aLondon
_bSustainable Development Commission
_c2001
300 _a93p.
_c30cm.
520 _aThe purpose of this sustainability appraisal is to highlight the links between the different dimensions of sustainable development with regard to food and farming, and to show the extent to which the proposed policies meet the Sustainable Development Commission's for sustainable agriculture.
650 _aSUSTAINABLE AGRICULTURE
650 _aFOOD
650 _aFARMING
650 _aRURAL ECONOMY
650 _aFARM MANAGEMENT
650 _aSUSTAINABILITY APPRAISAL MECHANISM
690 _aRural
_96268
942 _n0
999 _c101986
_d101986